Statistics for Badly Drawn Countries #3

Click here to take the quiz!

General Stats

  • This quiz has been taken 1,022 times
  • The average score is 7 of 8

Answers on the Map

Answers color-coded by a green-red scale on the quiz's map according to % correct below.
 

Answer Stats

Countries% Correct
India
99%
United Kingdom
97%
Spain
96%
Indonesia
95%
New Zealand
94%
Iran
88%
Panama
75%
Iceland
32%

Score Distribution

Percentile by Number Answered

Percent of People with Each Score

Your Score History

You have not taken this quiz